Sports Quiz

Random Sports or NFL Quiz

NFL Stadium Cities by Team Quiz Stats

 Plays Quiz not verified by Sporcle

Support Sporcle.
Go Orange.
Score 0/32 Timer 05:00
0 Plays Today
Team City % Correct
BearsChicago
95.7%
BuccaneersTampa
88.2%
BroncosDenver
87.9%
BengalsCincinnati
86.1%
ChiefsKansas City
82.4%
ChargersSan Diego
81.5%
ColtsIndianapolis
81.2%
LionsDetroit
80.9%
PackersGreen Bay
80.9%
FalconsAtlanta
80.3%
JaguarsJacksonville
80.1%
RaidersOakland
80.1%
TexansHouston
80.1%
49ersSan Francisco
78.9%
RavensBaltimore
78.9%
SaintsNew Orleans
78.9%
Team City % Correct
SteelersPittsburgh
78%
EaglesPhiladelphia
77.7%
RamsSt. Louis
77.5%
SeahawksSeattle
77.5%
TitansNashville
75.1%
VikingsMinneapolis
73.1%
PanthersCharlotte
68.5%
CowboysArlington
67.9%
PatriotsFoxborough
65%
BrownsCleveland
62.1%
GiantsEast Rutherford
60.1%
JetsEast Rutherford
60.1%
CardinalsGlendale
59.2%
BillsOrchard Park
46.8%
RedskinsLandover
42.5%
DolphinsMiami Gardens
36.4%

You're not logged in!

Compare scores with friends on all Sporcle quizzes.
OR
Log In

From the Vault

Literature by Meme

by NJSB

Ah, memes. Windows to the soul. And a better way to teach literature, apparently.
Remove Ads.
Support Sporcle.
Get the best of Sporcle when you Go Orange. This ad-free experience offers more features, more stats, and more fun while also helping to support Sporcle. Thank you for becoming a member.

Show Comments

Extras

Created Feb 11, 2011ReportNominate
Tags:Football Quiz, NFL Quiz, Stadiums

Top Quizzes Today


Score Distribution

Your Account Isn't Verified!

In order to create a playlist on Sporcle, you need to verify the email address you used during registration. Go to your Sporcle Settings to finish the process.

Report this User

Report this user for behavior that violates our Community Guidelines.

Details: